000 00676nam a2200265Ia 4500
005 20260121171519.0
008 008 260114s9999 xx 000 0 eng d
020 _a9783030327309
037 _aEBOOK
040 _aCRL
040 _beng
040 _cCRL
041 _2eng
041 _aeng
084 _qCRL
100 _aAaron James Henry
_91077155
245 0 _aDistricts, Documentation, and Population in Rupert’s Land (1740–1840)
260 _bSpringer
260 _bSpringer
260 _c2020
856 _uhttps://link.springer.com/openurl?genre=book&isbn=978-3-030-32730-9
942 _cEBOOK
999 _c1642885
_d1642885